| 000 | 01289nam a2200337 a 4500 | ||
|---|---|---|---|
| 001 | 000113560 | ||
| 003 | CHAP | ||
| 005 | 20220329144401.0 | ||
| 008 | 170803s2017 mx a fsm |||||||spa d | ||
| 010 | _a110021 | ||
| 011 | _a110993 | ||
| 040 | _cCHAP | ||
| 090 | _aTesis | ||
| 100 | 1 |
_aLuna Ramírez, Evodia _9132971 |
|
| 245 | 1 | 0 |
_aIncremento en la concentración nutrimental y conductividad eléctrica en la solución nutritiva en la producción de algunos antioxidantes en frutos de tomate (Lycopersicum esculentum L.) / _h[En línea] _cpor Evodia Luna Ramírez. |
| 260 |
_aChapingo, Méx. : _bEl autor, _c2017. |
||
| 500 | _aPara ver el contenido del material haga clic en la liga | ||
| 502 | _aTesis (Ing. Agr. Esp. en Suelos) -- UACH. Departamento de Suelos | ||
| 590 |
_aE11695DGD _b10 _c20170803 _lUCH01 _h1116 |
||
| 590 |
_aE6096MTM _b05 _c20170803 _lUCH01 _h0957 |
||
| 590 |
_aE6096MTM _b05 _c20170803 _lUCH01 _h0958 |
||
| 650 | 1 | 4 |
_aPotasio _xEfecto en tomate. _991116 |
| 650 | 1 | 4 |
_aSoluciones nutritivas. _9108527 |
| 650 | 1 | 4 |
_aTomate _xCalidad. _9113692 |
| 650 | 1 | 4 |
_aTomate _xCrecimiento. _9113702 |
| 650 | 1 | 4 |
_aTomate _xNutrición. _9127151 |
| 856 |
_aFinding aid _uhttp://10.13.5.2/tesis/sist113560.pdf _zTeclea aquí |
||
| 901 | _aBK | ||
| 942 | _cTESIS | ||
| 942 | _n0 | ||
| 999 |
_c110021 _d110021 |
||